La opción analítica en el arte moderno /

Propone una nueva lectura del arte moderno, desde la segunda mitad del siglo XIX hasta hoy, con la intención de poner de manifiesto una opción analítica de investigación. Es interpretada como una práctica semiótica en vista a una codificación de los lenguajes no verbales.

Kaydedildi:
Detaylı Bibliyografya
Yazar: Menna, Filiberto (autor)
Materyal Türü: Kitap
Dil:İspanyolca
Baskı/Yayın Bilgisi: Barcelona, España : Gustavo Gili, 1977, c1977
Seri Bilgileri:(Punto y Línea)
Konular:
Etiketler: Etiketle
Etiket eklenmemiş, İlk siz ekleyin!

MARC

LEADER 00000nam^a2200000^a^4500
001 000016533
005 20250521000000.0
009 20260310084103.657
020 |a 84-252-0686-3 
037 |a Acervo ITESO - Biblioteca 
041 |a ESP 
082 |a 704. 94  |b MEN 
100 |a Menna, Filiberto  |e (autor) 
245 1 3 |a La opción analítica en el arte moderno /  |c F. Menna ; tr. por Francesc Serra i Cantarell. 
264 4 |a Barcelona, España :  |b Gustavo Gili,  |c 1977, c1977 
300 |a 163 p. 
336 |a texto  |b txt  |2 rdacontenido 
337 |a sin mediación  |b n  |2 rdamedio 
338 |a volumen  |b nc  |2 rdasoporte 
440 1 |a (Punto y Línea) 
500 |a Traducción de: La Línea Analítica dell'Arte Moderna. Le Figure e le Icone 
520 |a Propone una nueva lectura del arte moderno, desde la segunda mitad del siglo XIX hasta hoy, con la intención de poner de manifiesto una opción analítica de investigación. Es interpretada como una práctica semiótica en vista a una codificación de los lenguajes no verbales. 
649 |a XX 
650 |a Arte Moderno 
650 |a Semiótica 
910 |a Fondo General 
920 |a Impresos - Libros 
930 |a Colección General 
905 |a 101 
901 |a 0165330100  |b IT1  |c ACC  |i 016533  |u 20250521 
902 |a https://opac.biblio.iteso.mx/vufind/Record/000016533